书目信息 |
| 题名: |
快速建筑设计考试指导
|
|
| 作者: | 郑军 , 杨晓景 , 王贺 编著 | |
| 分册: | ||
| 出版信息: | 北京 中国建筑工业出版社 2009.11 |
|
| 页数: | 112页 | |
| 开本: | 28cm | |
| 丛书名: | 择业考试指导丛书 | |
| 单 册: | ||
| 中图分类: | TU2 | |
| 科图分类: | ||
| 主题词: | 建筑设计--jian zhu she ji | |
| 电子资源: | ||
| ISBN: | 978-7-112-11223-4 | |
| 000 | 01008nam 2200277 450 | |
| 001 | 012001000410 | |
| 005 | 20100504150110.51 | |
| 010 | @a978-7-112-11223-4@dCNY45.00 | |
| 100 | @a20100515d2009 km y0chiy0121 eb | |
| 101 | 0 | @achi |
| 102 | @aCN@b110000 | |
| 105 | @aa a 000yy | |
| 200 | 1 | @a快速建筑设计考试指导@Akuai su jian zhu she ji kao shi zhi dao@f郑军, 杨晓景, 王贺编著 |
| 210 | @a北京@c中国建筑工业出版社@d2009.11 | |
| 215 | @a112页@c彩图@d28cm | |
| 225 | 2 | @a择业考试指导丛书@Azhai ye kao shi zhi dao cong shu |
| 320 | @a有书目 | |
| 330 | @a本书的重点包括建筑快速设计的考试准备、应试技巧以及入职面试的要点,力求系统而完整的剖析建筑快速设计的过程、步骤、以帮助读者在短时间内训练应试能力,抓住应试要点,掌握一些应试技巧。 | |
| 410 | 0 | @12001 @a择业考试指导丛书 |
| 606 | 0 | @a建筑设计@Ajian zhu she ji |
| 690 | @aTU2@v4 | |
| 701 | 0 | @a郑军@Azheng jun@4编著 |
| 701 | 0 | @a杨晓景@Ayang xiao jing@4编著 |
| 701 | 0 | @a王贺@Awang he@4编著 |
| 801 | 0 | @aCN@c20100515 |
| 905 | @dTU2@eZ438@f3 | |
| 快速建筑设计考试指导/郑军, 杨晓景, 王贺编著.-北京:中国建筑工业出版社,2009.11 |
| 112页:彩图;28cm.-(择业考试指导丛书) |
| ISBN 978-7-112-11223-4:CNY45.00 |
| 本书的重点包括建筑快速设计的考试准备、应试技巧以及入职面试的要点,力求系统而完整的剖析建筑快速设计的过程、步骤、以帮助读者在短时间内训练应试能力,抓住应试要点,掌握一些应试技巧。 |
| ● |
| 相关链接 |
|
|
|
正题名:快速建筑设计考试指导
索取号:TU2/Z438
 
预约/预借
| 序号 | 登录号 | 条形码 | 馆藏地/架位号 | 状态 | 备注 |
| 1 | 476038 | 204760384 | 建筑库101/101建筑库 31排3列1层/ [索取号:TU2/Z438] | 在馆 | |
| 2 | 898415 | 208984152 | 建筑库101/101建筑库 31排3列1层/ [索取号:TU2/Z438] | 在馆 | |
| 3 | 898416 | 208984161 | 建筑库101/101建筑库 31排3列1层/ [索取号:TU2/Z438] | 在馆 | |
| 4 | 898417 | 208984170 | 建筑库101/101建筑库 31排3列1层/ [索取号:TU2/Z438] | 在馆 |